00290nam a2200109Ia 4500003000400000008004100004040001600045082001500061245004800076260004500124300001100169GCL140319s9999 xx 000 0 eng d aGCL / cGCL04a520.3bM A10aThe Astrponomy and Astrophsics Emcyclopedia a[S.N] : bABT AKVERT SKIRA S.A ، c1991 a1002 P